[Event "II President's Cup"]
[Site "Baku AZE"]
[Date "2007.05.11"]
[Round "9"]
[White "Mamedov, Rau"]
[Black "Guliev, L."]
[Result "1-0"]
[WhiteElo "2584"]
[BlackElo "2466"]
[PlyCount "75"]
[EventDate "2007.05.03"]
[Source "www.chesslib.no"]
[SourceDate "2004.05.04"]

1. e4 e5 2. Nf3 Nc6 3. Bb5 a6 4. Ba4 Nf6 5. Qe2 b5 6. Bb3 Bc5 7. c3 O-O 8. O-O d6 9. Rd1 Bb6 10. h3 Na5 11. Bc2 c5 12. d3 h6 13. Nbd2 Re8 14. Nf1 d5 15. Ng3 Qc7 16. Nh4 dxe4 17. dxe4 Nc6 18. Qf3 Nh7 19. Nhf5 Bxf5 20. exf5 Rad8 21. Bxh6 gxh6 22. f6 e4 23. Qg4+ Ng5 24. Nf5 Qe5 25. h4 Qxf6 26. hxg5 hxg5 27. Rxd8 Bxd8 28. Rd1 Bc7 29. Bxe4 Ne7 30. Ne3 Qf4 31. Rd7 Kg7 32. Rxc7 Qxc7 33. Qxg5+ Ng6 34. Nf5+ Kg8 35. Qf6 Qe5 36. Nh6+ Kh7 37. Qxf7+ Kh8 38. Qxg6 1-0

[Event "GM"]
[Site "Koszeg GM"]
[Date "1996.??.??"]
[Round "7"]
[White "Fogarasi, Tibor"]
[Black "Gyimesi, Zoltan"]
[Result "1/2-1/2"]
[WhiteElo "2500"]
[BlackElo "2545"]
[PlyCount "41"]
[EventDate "1996.??.??"]
[Source "www.chesslib.no"]
[SourceDate "2004.05.04"]

1. e4 e5 2. Nf3 Nc6 3. Bb5 a6 4. Ba4 Nf6 5. Qe2 b5 6. Bb3 Bc5 7. c3 O-O 8. d3 h6 9. O-O d6 10. a4 Rb8 11. axb5 axb5 12. Be3 Bxe3 13. Qxe3 b4 14. Nbd2 bxc3 15. bxc3 Bg4 16. h3 Bxf3 17. Qxf3 Ne7 18. d4 Ng6 19. g3 exd4 20. cxd4 c5 21. Qc3 1/2-1/2

[Event "TCh-SCG Men"]
[Site "Budva"]
[Date "2004.09.12"]
[Round "5"]
[White "Cabrilo, Goran"]
[Black "Todorovic, Goran M"]
[Result "1/2-1/2"]
[WhiteElo "2493"]
[BlackElo "2540"]
[PlyCount "35"]
[EventDate "2004.09.08"]
[Source "Roberto Alvarez"]
[SourceDate "2004.09.21"]

1. e4 e5 2. Nf3 Nc6 3. Bb5 a6 4. Ba4 Nf6 5. Qe2 Bd6 6. c3 O-O 7. d3 Re8 8. Bb3 Na5 9. Bc2 c5 10. Bg5 Bf8 11. Nbd2 d6 12. Nf1 h6 13. Bxf6 Qxf6 14. Ne3 Be6 15. O-O b5 16. Nd2 g6 17. a3 h5 18. b4 1/2-1/2

[Event "EU-chT (Men)"]
[Site "Haifa"]
[Date "1989.??.??"]
[Round "9"]
[White "Davies, Nigel R"]
[Black "Hellers, Ferdinand"]
[Result "1/2-1/2"]
[WhiteElo "2470"]
[BlackElo "2560"]
[PlyCount "21"]
[EventDate "1989.11.??"]
[Source "ChessBase"]

1. e4 e5 2. Nf3 Nc6 3. Bb5 a6 4. Ba4 Nf6 5. Qe2 b5 6. Bb3 Be7 7. c3 O-O 8. d4 d6 9. Nbd2 Bd7 10. O-O h6 11. Rd1 1/2-1/2

[Event "Copenhagen op 17th"]
[Site "Copenhagen"]
[Date "1995.??.??"]
[Round "4"]
[White "Mortensen, Erling"]
[Black "Wells, Peter K"]
[Result "1/2-1/2"]
[WhiteElo "2500"]
[BlackElo "2530"]
[PlyCount "113"]
[EventDate "1995.06.??"]
[Source "ChessBase"]

1. e4 e5 2. Nf3 Nc6 3. Bb5 a6 4. Ba4 Nf6 5. Qe2 Be7 6. c3 b5 7. Bb3 O-O 8. d4 d6 9. h3 Na5 10. Bc2 c5 11. d5 c4 12. O-O Bd7 13. Kh2 Nb7 14. Rg1 Nc5 15. g4 Qc8 16. Nbd2 h5 17. g5 Nh7 18. Nf1 Bxh3 19. Ne3 g6 20. Nf5 gxf5 21. Nh4 Bg4 22. f3 Bxg5 23. Bxg5 Nxg5 24. exf5 Kh8 25. fxg4 e4 26. gxh5 Qd8 27. Rg4 Qf6 28. Rag1 Rg8 29. Kh1 Nh7 30. Qh2 Rxg4 31. Rxg4 e3 32. Ng6+ fxg6 33. hxg6 Ra7 34. Rh4 e2 35. Rxh7+ Kg8 36. Qxe2 Rxh7+ 37. gxh7+ Kxh7 38. Kg2 Kg7 39. Qg4+ Kf8 40. Qg6 Nd7 41. Qxf6+ Nxf6 42. Kf3 Ke7 43. Be4 Nd7 44. Ke3 Kf6 45. Kd4 Ne5 46. Bc2 Nf3+ 47. Ke3 Ne5 48. Kf4 Nd7 49. b3 cxb3 50. Bxb3 Nc5 51. Bc2 Nd7 52. Ke4 Kg5 53. Kd4 Ne5 54. Ke4 Nd7 55. Kd4 Ne5 56. Ke4 Nd7 57. Kd4 1/2-1/2

[Event "XXIV Open"]
[Site "Cappelle La Grande FRA"]
[Date "2008.02.18"]
[Round "4"]
[White "Hess, Ro"]
[Black "L'Ami, E."]
[Result "1/2-1/2"]
[WhiteElo "2445"]
[BlackElo "2581"]
[PlyCount "104"]
[EventDate "2008.02.16"]
[Source "www.chesslib.no"]
[SourceDate "2004.05.04"]

1. e4 e5 2. Nf3 Nc6 3. Bb5 a6 4. Ba4 Nf6 5. Qe2 b5 6. Bb3 Be7 7. c3 O-O 8. d4 d6 9. Nbd2 Bg4 10. h3 Bh5 11. d5 Na5 12. Bc2 Qd7 13. Nf1 c6 14. dxc6 Qxc6 15. Ng3 Bg6 16. h4 h6 17. h5 Bh7 18. Nh4 d5 19. exd5 Qxd5 20. Ng6 Rfe8 21. Ne4 Qe6 22. Nxf6+ Qxf6 23. Qe4 fxg6 24. hxg6 Bxg6 25. Qxg6 Qxg6 26. Bxg6 Rf8 27. Ke2 Rad8 28. Be4 Nc4 29. b3 Nd6 30. Bd5+ Kh8 31. Bb2 Nf5 32. Bb7 Bc5 33. Rhf1 e4 34. g4 e3 35. gxf5 Rd2+ 36. Kf3 Rxf5+ 37. Kg4 Rg5+ 38. Kf3 Rf5+ 39. Kg4 Rf7 40. Bf3 h5+ 41. Kg3 Bd6+ 42. Kg2 Rxb2 43. Rab1 Rxa2 44. Ra1 Rd2 45. Rxa6 g6 46. Ra8+ Kg7 47. Re8 exf2 48. Rxf2 Rd3 49. Re6 Rf5 50. c4 Bc5 51. Rxg6+ Kxg6 52. Be4 Bxf2 1/2-1/2

[Event "Alma-Ata"]
[Site "Alma Ata KAZ"]
[Date "1995.??.??"]
[Round "9"]
[White "Varavin, Viktor"]
[Black "Yurtaev, Leonid"]
[Result "1-0"]
[WhiteElo "2520"]
[BlackElo "2505"]
[PlyCount "49"]
[EventDate "1995.??.??"]
[Source "www.chesslib.no"]
[SourceDate "2004.05.04"]

1. e4 e5 2. Nf3 Nc6 3. Bb5 a6 4. Ba4 Nf6 5. Qe2 b5 6. Bb3 Bc5 7. c3 O-O 8. O-O Re8 9. d3 d6 10. Rd1 Rb8 11. h3 a5 12. a4 b4 13. d4 exd4 14. cxd4 Rxe4 15. Be3 Bb6 16. Ng5 d5 17. Nxe4 dxe4 18. Nd2 Qe8 19. Rac1 h6 20. d5 Nd4 21. Bxd4 Bxd4 22. Nxe4 Bxf2+ 23. Qxf2 Nxe4 24. Re1 Ba6 25. Qf4 1-0

[Event "Montecatini Terme Open"]
[Site "Montecatini Terme ITA"]
[Date "1994.??.??"]
[Round "?"]
[White "Tiviakov, Sergei"]
[Black "Ciolac, Gheorghe"]
[Result "1/2-1/2"]
[WhiteElo "2630"]
[BlackElo "2390"]
[PlyCount "53"]
[EventDate "1994.??.??"]
[Source "www.chesslib.no"]
[SourceDate "2004.05.04"]

1. e4 e5 2. Nf3 Nc6 3. Bb5 a6 4. Ba4 Nf6 5. Qe2 Be7 6. Bxc6 dxc6 7. O-O Nd7 8. b3 c5 9. Bb2 Bd6 10. a4 Qe7 11. Na3 Nb8 12. Nc4 Nc6 13. c3 O-O 14. d3 Be6 15. Nfd2 b5 16. Ne3 Qd7 17. axb5 axb5 18. Rxa8 Rxa8 19. Ra1 Rxa1+ 20. Bxa1 Bf8 21. Bb2 f6 22. Qf1 Na5 23. c4 b4 24. Nd5 c6 25. Ne3 Nb7 26. g3 g6 27. Qe2 1/2-1/2

[Event "Elgoibar"]
[Site "Elgoibar ESP"]
[Date "1994.??.??"]
[Round "?"]
[White "Strikovic, Aleksa"]
[Black "Flear, Glenn C"]
[Result "0-1"]
[WhiteElo "2495"]
[BlackElo "2525"]
[PlyCount "50"]
[EventDate "1994.11.??"]
[Source "www.chesslib.no"]
[SourceDate "2004.05.04"]

1. e4 e5 2. Nf3 Nc6 3. Bb5 a6 4. Ba4 Nf6 5. Qe2 Qe7 6. O-O g6 7. d4 Nxd4 8. Nxd4 exd4 9. e5 Nd5 10. Bb3 Nb6 11. c3 d6 12. Re1 dxe5 13. cxd4 Bg7 14. dxe5 O-O 15. Nc3 Be6 16. Qf3 Bxb3 17. axb3 c6 18. Be3 Nd7 19. Qh3 Nxe5 20. Bh6 Qd7 21. Qh4 Bxh6 22. Qxh6 Rae8 23. Ne4 f5 24. Nc5 Qd4 25. Nxb7 Qb4 0-1

[Event "Chigorin mem op"]
[Site "St Petersburg"]
[Date "2000.11.10"]
[Round "9"]
[White "Orlov, Vassily"]
[Black "Balashov, Yuri S"]
[Result "0-1"]
[WhiteElo "2444"]
[BlackElo "2575"]
[PlyCount "94"]
[EventDate "2000.10.31"]
[Source "www.chesslib.no"]
[SourceDate "2004.05.04"]

1. e4 e5 2. Nf3 Nc6 3. Bb5 a6 4. Ba4 Nf6 5. Qe2 Be7 6. c3 b5 7. Bb3 O-O 8. d3 d6 9. Nbd2 Na5 10. Bc2 c5 11. Nf1 Re8 12. h3 Nc6 13. g4 d5 14. Ng3 dxe4 15. dxe4 c4 16. Be3 Be6 17. Nf5 Nd7 18. Rd1 Qc7 19. Ng5 Nf8 20. Qf3 Ng6 21. h4 Nf4 22. Bxf4 exf4 23. Nh3 Bxf5 24. gxf5 Bxh4 25. Nxf4 Ne5 26. Qh5 g6 27. Qh6 Ng4 28. Nd5 Bxf2+ 29. Ke2 Nxh6 30. Nxc7 Ng4 31. Nxa8 Rxa8 32. fxg6 fxg6 33. Rd7 h5 34. Rf1 Ne5 35. Rb7 Bg3 36. a4 h4 37. axb5 axb5 38. Rxb5 h3 39. b4 Ra2 40. Kd2 h2 41. Rb8+ Kg7 42. Rb7+ Kh6 43. Kc1 Ng4 44. Rbf7 Ne3 45. Bd1 Nxf1 46. Rxf1 Bf4+ 47. Kb1 Rg2 0-1